Countries that the US Doesn't Have An Embassy In - Statistics

General Stats
  • This quiz has been taken 108 times
  • The average score is 19 of 30
Answer Stats
Continent Answer % Correct
Asia Iran
84%
Asia North Korea
84%
South America Venezuela
78%
Europe Vatican City
74%
Oceania Vanuatu
73%
Asia Afghanistan
72%
Oceania Nauru
71%
North America Saint Kitts and Nevis
71%
Europe San Marino
71%
Asia Syria
71%
Europe Monaco
69%
Oceania Tuvalu
69%
North America Saint Vincent and the Grenadines
67%
Europe Andorra
66%
Oceania Kiribati
65%
Europe Liechtenstein
65%
North America Saint Lucia
65%
Oceania Solomon Islands
64%
Asia Yemen
63%
Oceania Tonga
62%
North America Antigua and Barbuda
59%
North America Dominica
56%
Asia Bhutan
55%
Africa Seychelles
55%
Africa São Tomé and Principé
48%
Africa Comoros
47%
Africa Libya
45%
Asia Maldives
43%
Asia Taiwan
41%
Africa Guinea-Bissau
27%
No matching quizzes found
Score Distribution
Percent of People with Each Score
Percentile by Number Answered
Your Score History
You have not taken this quiz